Flags Of Old Countries & Empires - Statistics

General Stats
  • This quiz has been taken 219 times
  • The average score is 6 of 16
Answer Stats
Picture Answer % Correct
Korean Empire
93%
Japanese Empire
91%
Yugoslavia
80%
Tibet
66%
Russian Empire
61%
South Vietnam
53%
British Raj
40%
Crimea
25%
Mali Empire
23%
Mayan Empire
15%
Khmer Empire
13%
Tu’i Tonga Empire
12%
Aceh Sultanate
10%
Gold Coast
10%
Delhi Sultanate
9%
Toungoo Empire
5%
No matching quizzes found
Score Distribution
Percent of People with Each Score
Percentile by Number Answered
Your Score History
You have not taken this quiz